The autobiography of Benjamin Franklin

Αποθηκεύτηκε σε:
Λεπτομέρειες βιβλιογραφικής εγγραφής
Κύριος συγγραφέας: Franklin, Benjamin (Συγγραφέας)
Μορφή: Βιβλίο
Γλώσσα:Αγγλικά
Έκδοση: Nueva York Macfadden Bartell Book 1965
Θέματα:
Ετικέτες: Προσθήκη ετικέτας
Δεν υπάρχουν, Καταχωρήστε ετικέτα πρώτοι!

MARC

LEADER 00000nam a2200000 a 4500
001 UCZ9009
003 CL-VaPUC
008 960126e19650000US |||||||||||||||||eng|d
082 0 4 |a 923.2  |b FRA  |2 21 
100 0 |a Franklin, Benjamin  |e author  |9 331855 
245 1 4 |a The autobiography of Benjamin Franklin 
300 |a 127 p 
942 |c BK 
945 |d 19960126 00:00:00  |a mcarcey 
260 |a Nueva York  |b Macfadden Bartell Book  |c 1965 
600 0 7 |a FRANKLIN, BENJAMIN  |2 CL-VaPUC  |9 331855 
650 0 |a Biografías  |9 255210 
650 7 |a PRESIDENCIA  |2 CL-VaPUC  |9 341215 
651 0 |a Estados Unidos  |9 255178 
583 |a last modification  |c 20150113 05:37:19  |k Rodrigo Vera 
999 |c 244657  |d 244655 
952 |0 0  |1 0  |4 0  |6 923_200000000000000_FRA_1965  |7 0  |8 A  |9 258814  |a BIBEDU  |b BIBEDU  |d 2019-11-19  |i 3160505  |o 923.2 FRA 1965  |p 3160505  |r 2019-11-19  |w 2019-11-19  |y BK  |k LIT